Normal view
MARC view
- H. Ramsey, Fowler
Entry Personal Name
001 - CONTROL NUMBER
- control field: 133413
003 - CONTROL NUMBER IDENTIFIER
- control field: NUST
005 - DATE AND TIME OF LATEST TRANSACTION
- control field: 20260224105502.0
008 - FIXED-LENGTH DATA ELEMENTS
- fixed length control field: 260224|| aca||aabn | a|a d
040 ## - CATALOGING SOURCE
- Original cataloging agency: NUST
- Transcribing agency: NUST
100 ## - HEADING--PERSONAL NAME
- Personal name: H. Ramsey, Fowler
670 ## - SOURCE DATA FOUND
- Source citation: Work cat.: (NUST): H. Ramsey, Fowler., The Little Brown Handbook /, 1998.
